|
|
|
|
| LEADER |
00000nam a22000007i 4500 |
| 005 |
20111104141752.0 |
| 008 |
090619s2009 sp 00 0 spa d |
| 020 |
|
|
|a 9788496721791
|
| 035 |
|
|
|a 5949
|
| 040 |
|
|
|a BUS
|d vLex
|
| 080 |
|
|
|a 331.105.44(460)
|
| 090 |
|
|
|c 2738
|d 2738
|
| 100 |
1 |
|
|a Cabeza Pereiro, Jaime.
|
| 245 |
1 |
4 |
|a Las elecciones sindicales
|h [Recurso electrn̤ico] /
|c Jaime Cabeza Pereiro.
|
| 256 |
|
|
|a Servicio en ln̕ea.
|
| 260 |
|
|
|a Albacete :
|b Bomarzo,
|c 2009.
|
| 300 |
|
|
|a 1 recurso electrn̤ico
|
| 506 |
1 |
|
|a Contenido solo disponible en los productos indicados
|d vLex Global
|d vLex Global (Academic Edition, excluding Law Schools)
|d vLex Global (U.S. Academic Edition, Law Schools)
|d vLex Global (U.S. Academic Edition, excluding Law Schools)
|d vLex Global (Academic Edition, Law Schools)
|
| 650 |
0 |
4 |
|a Sindicatos
|x Elecciones
|z Espaą
|
| 740 |
0 |
|
|a vLex Libros (Servicio en ln̕ea)
|
| 856 |
4 |
0 |
|u http://vlex.com/source/elecciones-sindicales-5949
|z Acceso restringido
|
| 942 |
|
|
|c BOOK
|